| 000 | 00637nam a2200205Ia 4500 | ||
|---|---|---|---|
| 003 | GCL | ||
| 008 | 140319s9999 xx 000 0 ara d | ||
| 040 |
_aGCL / _cGCL |
||
| 082 | 0 | 4 |
_a819 _bج م |
| 100 | 1 | _aعلى بوملحم | |
| 245 | 1 | 0 |
_aالمحاسن والاضداد / _cعلى بوملحم |
| 700 | 1 | _aالجاحظ : ابوعثمان عمرو بن بحر محبوب | |
| 260 |
_a[S.N] : _bدار مكتبةالهلال ، _c1991 |
||
| 300 | _a352 ص | ||
| 490 | _a | ||
| 650 | 0 | 4 | _aالادب العربى |
| 650 | 0 | 4 | _aالبلاغة العربية |
| 650 | 0 | 4 | _aالمترادفات والاضداد |
| 942 |
_2ddc _cBK |
||
| 999 |
_c38371 _d38371 |
||